Statistiken für German Player in the NBA

Klicken Sie hier um das Quiz zu spielen!

Allgemein

  • Dieses Quiz wurde 198 mal gespielt
  • Das Durchschnittsergebnis liegt bei 6 aus 7

Antwortstatistiken

HintAntwort% Korrekt
Los Angeles LakersDennis Schröder
96%
Orlando MagicFranz Wagner
92%
Orlando MagicMoritz Wagner
92%
Loas Angeles Lakers (born in USA)Austin {Reaves}
79%
Indina PacersDaniel Theis
69%
Dallas MavericksMaximilian Kleber
64%
New York KnicksIsaiah Hartenstein
59%

Verteilung der Resultate

Perzentil nach korrekt beantworteten Fragen

Anzahl Personen mit jedem Resultat

Ihre Resultats-Entwicklung

Sie haben dieses Quiz noch nicht gespielt